000 00654nam a22002297a 4500
005 20170124110102.0
010 _a825676
020 _c25.00
035 _a825676
037 _bCen Lib/Ret
040 _aDPL
_bEN
082 _a954.36
_bGUP
100 _aGupta, Bandana
_927271
245 _aThe andamans :
_cby Bandana Gupta
_bland of the primitives /
260 _bJijnasa Publishing
_aCalcutta
_c1976
270 _bCalcutta
_a33, college row,
300 _a102p..
_c21cm(Hb)
500 _aIncludes appendix
650 _aHistory
_zAndaman islands
_927272
650 _aCulture
_927273
942 _2ddc
_cEN
_h954.36
_mGUP
999 _c129742
_d129742